000 00836nam a2200217Ia 4500
999 _c39891
_d39891
001 6496
003 GE_BSU
005 20191010120223.0
008 181216s1942||||ge |||||||||||||| ||geo||
040 _cGE_BSU
041 _ageo
080 _a821.353.1-32 ბ-45
100 _aბელიაშვილი, აკაკი
_94491
245 _aპატარა ნოველები /
_bაკაკი ბელიაშვილი ; რედ. ვ. გავაშელაშვილი.
264 _aთბილისი :
_bფედერაცია ;
_c1942.
300 _a42 გვ. ;
_c17 სმ.
653 _aპატარა ნოველები
653 _aნოველები
700 _aგავაშელაშვილი, ვ.
_eრედაქტორი
_94669
942 _cBK
_2udc